00217nam a2200097Ia 4500008004100000041000800041100000800049245003400057650000900091999001900100230605s9999 xx 000 0 und d aeng avaz amarketing managment (vaz new aM.M. c417271d417271